00684cam a22002054a 450000500170000000800410001701000140005802000260007203500130009803700130011104000080012410000140013224500700014626000410021630000320025750000210028994200170031099900170032795201340034420020821080931.0010606s2002 maua b 001 0 eng  aENG-95654 a9788120337916c225.00 aEN-79187 aDBAD/PUB aDPL aKevin, S. aFundamentals of international financial management /cby S. Kevin aNew Delhi:bPHI Learning P.Ltdc2009 axvii, 278 p. :c24 cm.(Pbk) aIncludes index. 2ddccENmKEV c33107d33107 00102ddc40718NFICaDBADbDBADd2009-12-17eDBAD/PUBg225.00l0oKEVpEN-79187r2009-12-17 00:00:00t1v225.00w2009-12-17yEN